000 00766nam a22002057a 4500
999 _c4984
_d4984
003 AR-CdUCM
008 190311b ||||| |||| 00| 0 spa d
040 _aMUNICIPALIDAD PROVINCIAL DEL CUSCO
_cBIBLIOTECA MUNICIPAL DEL CUSCO
082 _a973 /
_bB29
100 _aBeard, Charles A.
_915265
245 _aLos Presidentes de E.U.A /
260 _aBuenos Aires :
_bLas Paralelas ,
_c1975.
300 _a198 páginas ;
_c20.5 cm.
505 _aContenido : Gergo Washinton -- John Adams -- Thomas Jefferson -- James Maddison -- James Monroe -- John Quincy Adams - Andrew Jackson...
650 _aHistoria de los Estados Unidos
_915266
650 _aEstados Unidos de America
_91933
650 _aGobierno de los EE.UU
_915267
942 _2ddc
_cLIBROS
945 _artm